| 000 | 00483cam a2200181ua 4500 | ||
|---|---|---|---|
| 041 |
_aeng _h |
||
| 082 |
_a028.76 _bSIN/EN |
||
| 100 | _aSingh, B P N . | ||
| 245 | 0 | 0 |
_aEngineering properties of food materials / _cB P N Singh. _hTextual Documents |
| 250 |
_a1 / _b. |
||
| 260 |
_aBhopal : _bCentral Institute of Agricultural Engineering , _c1980. |
||
| 300 | _a50 ; . | ||
| 504 | _a | ||
| 700 | 1 | _aSah, P C . | |
| 700 | 1 | _aTikkoo, A K . | |
| 942 | _cBK | ||
| 999 |
_c8502 _d8502 |
||